Представление документа в формате RUSMARC

ПолеНазваниеЗначение
  Тип записи a
  Библиографический уровень a
001 Контрольный номер RU/CBS_UL/BASE/8a993e2e51f5491ba6e26e2b004c2836
005 Дата корректировки 20260314112726.7
100 Данные общей обработки __
a Данные общей обработки 20260314 ||| 0rusy0189 ca
101 Язык документа 0_
a Язык текста rus
102 Страна публикации __
a Страна публикации RU
200 Заглавие и сведения об ответственности 1_
a Заглавие Олег Стриженов. Карма секс-символа
e Сведения, относящиеся к заглавию [о судьбе актёра О. Стриженова]
f Первые сведения об ответственности М. Шарова
300 Общие примечания __
a Общие примечания 16+
461 Уровень набора _0
1 2000
a Дарья. Биография
463 Уровень физической единицы _0
1 2000
a № 2
v С. 22-23 : фот.
1 2101
d 2026
1 001RU/CBS_UL/BASE/5745292b1ddd4125abeeaecd6b96289f
600 Персоналии _1
a Персоналии (Фамилия) Стриженов
b Персоналии (Имя, инициалы) О.А.
606 Тематические рубрики 0_
a Основная рубрика Стриженов, Олег Александрович (1929-1925)
610 Ключевые слова 0_
a Ключевые слова актёры советские, актёры российские, актёры театра и кино, народные артисты СССР, академики Национальной академии кинематографических искусств и наук России, судьбы актёров
686 Индексы других классификаций __
2 Код системы rubbk
a Классификационный индекс 85.374(2)
700 Автор _1
a Фамилия Шарова
b Имя (инициалы) М.
801 Источник записи _0
a Страна RU
b Организация МБУК ЦБС г. Ульяновска
c Дата составления 20260314
g Правила каталогизации RCR
801 Источник записи _1
a Страна RU
b Организация МБУК ЦБС г. Ульяновска
c Дата составления 20260314
g Правила каталогизации RCR
901 Тип документа __
t Тип документа b
w Контрольный № источника RU/CBS_UL/BASE/5745292b1ddd4125abeeaecd6b96289f
909 Создатель записи __
a Создатель записи lib1